| 000 | 00627cam a2200193 a 4500 | ||
|---|---|---|---|
| 001 | 4886805 | ||
| 005 | 20250613110939.0 | ||
| 008 | 930127s1993 miu b 000 0 eng | ||
| 020 | _a0800754670 | ||
| 050 | 0 | 0 |
_aBT590.E8 _bC6 1993 |
| 082 | 0 | 0 |
_a269/.2 _220 |
| 100 | 1 |
_aColeman, Robert E., _d1928- |
|
| 245 | 1 | 4 |
_aThe master plan of evangelism / _cRobert E. Coleman ; foreword by Billy Graham ; introduction by Paul S. Rees ; study guide by Roy J. Fish. |
| 250 | _a30th anniversary ed. | ||
| 260 |
_aGrand Rapids, Mich. : _bF.H. Revell, _cc1993. |
||
| 300 |
_a200 p. ; _c21 cm. |
||
| 700 | 1 | _aFish, Roy J. | |
| 942 |
_2lcc _cBK _n0 |
||
| 999 |
_c6446 _d6446 |
||